Пути улучшения организации учебного процесса по математики студентов, обучающихся на неродном языке в техническом вузе; Международный журнал прикладных и фундаментальных исследований; № 5, ч. 4

Dades bibliogràfiques
Parent link:Международный журнал прикладных и фундаментальных исследований.— , 2007-
№ 5, ч. 4.— 2015.— [С. 576-578]
Autor principal: Янущик О. В. Ольга Владимировна
Autor corporatiu: Национальный исследовательский Томский политехнический университет (ТПУ) Физико-технический институт (ФТИ) Кафедра высшей математики (ВМ)
Sumari:Заглавие с экрана
Статья посвящена проблеме обучения математики иностранных студентов в техническом вузе. Обозначены основные трудности, с которыми сталкивается иностранный студент, начиная обучаться на неродном языке, и описаны мероприятия, проводимые в Томском политехническом университете, которые позволяют улучшить учебный процесс изучения математики студентами, обучающимися на неродном язык. Практически установлено, что указанные мероприятия способствуют устранению трудностей изучения математики иностранными студентами.
The article is devoted to the problem of teaching of mathematics of international students in technical university. The main difficulties are outlined which the international student faces starting to learn a foreign language, and the activities carried out at the Tomsk Polytechnic University are described. These activities let to improve the educational process of learning mathematics by students, who are taught in a foreign language. Practically it is found that these events contribute to the elimination of difficulties of learning mathematics by international students.
Режим доступа: по договору с организацией-держателем ресурса
Idioma:rus
Publicat: 2015
Col·lecció:Педагогические науки
Matèries:
Accés en línia:http://elibrary.ru/item.asp?id=23800330
http://www.rae.ru/upfs/449-r7170
Format: MixedMaterials Electrònic Capítol de llibre
KOHA link:https://koha.lib.tpu.ru/cgi-bin/koha/opac-detail.pl?biblionumber=643910

MARC

LEADER 00000nla0a2200000 4500
001 643910
005 20250303112508.0
035 |a (RuTPU)RU\TPU\network\8909 
035 |a RU\TPU\network\8842 
090 |a 643910 
100 |a 20151013d2015 k||y0rusy50 ca 
101 0 |a rus 
102 |a RU 
135 |a drcn ---uucaa 
181 0 |a i  
182 0 |a b 
200 1 |a Пути улучшения организации учебного процесса по математики студентов, обучающихся на неродном языке в техническом вузе  |d Teaching Methods to Enhance of Mathematics Students in a Foreign Language in a Technical University  |f О. В. Янущик 
203 |a Текст  |c электронный 
225 1 |a Педагогические науки 
300 |a Заглавие с экрана 
320 |a [Библиогр.: с. 578 (4 назв.)] 
330 |a Статья посвящена проблеме обучения математики иностранных студентов в техническом вузе. Обозначены основные трудности, с которыми сталкивается иностранный студент, начиная обучаться на неродном языке, и описаны мероприятия, проводимые в Томском политехническом университете, которые позволяют улучшить учебный процесс изучения математики студентами, обучающимися на неродном язык. Практически установлено, что указанные мероприятия способствуют устранению трудностей изучения математики иностранными студентами. 
330 |a The article is devoted to the problem of teaching of mathematics of international students in technical university. The main difficulties are outlined which the international student faces starting to learn a foreign language, and the activities carried out at the Tomsk Polytechnic University are described. These activities let to improve the educational process of learning mathematics by students, who are taught in a foreign language. Practically it is found that these events contribute to the elimination of difficulties of learning mathematics by international students. 
333 |a Режим доступа: по договору с организацией-держателем ресурса 
461 |t Международный журнал прикладных и фундаментальных исследований  |d 2007- 
463 |t № 5, ч. 4  |v [С. 576-578]  |d 2015 
510 1 |a Teaching Methods to Enhance of Mathematics Students in a Foreign Language in a Technical University  |z eng 
610 1 |a электронный ресурс 
610 1 |a труды учёных ТПУ 
610 1 |a высшее образование 
610 1 |a студенты 
610 1 |a персональные сайты 
610 1 |a конференц-недели 
700 1 |a Янущик  |b О. В.  |c математик  |c доцент Томского политехнического университета, кандидат педагогических наук  |f 1974-  |g Ольга Владимировна  |3 (RuTPU)RU\TPU\pers\27877  |9 12893 
712 0 2 |a Национальный исследовательский Томский политехнический университет (ТПУ)  |b Физико-технический институт (ФТИ)  |b Кафедра высшей математики (ВМ)  |3 (RuTPU)RU\TPU\col\18728 
801 2 |a RU  |b 63413507  |c 20151013  |g RCR 
856 4 |u http://elibrary.ru/item.asp?id=23800330 
856 4 |u http://www.rae.ru/upfs/449-r7170 
942 |c CF